000 00850nam a2200253Ia 4500
003 OSt
005 20221005111322.0
006 a|||||r|||| 00| 0
007 ta
008 221004b |||||||| |||| 00| 0 hin d
020 _a8170557917 (hbk)
024 _a105825
037 _cTextual
040 _aCRL
_cCRL
_bhin
041 _2hin
_ahin
082 _aO44,1:g(P:75), 152P9
100 _aत्रिपाठी, राममूर्ति
245 0 _aभारतीय काव्य - विमर्श
246 _aBhāratīya kāvya - vimarsha
260 _aनई दिल्ली
_bवाणी प्रकाशन भारत
_c2009
300 _a445पृ0
_ccm.
942 _hO44,1:g(P:75), 152P9
_cTEXL
_2cc
999 _c1021490
_d1021490